Разрушение горных пород при бурении скважин: учебное пособие

Bibliographische Detailangaben
1. Verfasser: Спивак А. И. Александр Иванович
Weitere Verfasser: Попов А. Н. Анатолий Николаевич
Sprache:Russisch
Veröffentlicht: Москва, Недра, 1986
Ausgabe:4-е изд., перераб. и доп.
Schriftenreihe:Высшее образование
Schlagworte:
Format: MixedMaterials Buch
KOHA link:https://koha.lib.tpu.ru/cgi-bin/koha/opac-detail.pl?biblionumber=35279

MARC

LEADER 00000nam0a2200000 4500
001 35279
005 20231030233134.0
035 |a (RuTPU)RU\TPU\book\35705 
035 |a BOOK00002357 
090 |a 35279 
100 |a 20011210d1986 m y0rusy50 ca 
101 0 |a rus 
102 |a RU 
105 |a y j 000zy 
200 1 |a Разрушение горных пород при бурении скважин  |e учебное пособие  |f А. И. Спивак, А. Н. Попов 
205 |a 4-е изд., перераб. и доп. 
210 |a Москва  |c Недра  |d 1986 
215 |a 207 с. 
225 1 |a Высшее образование 
451 1 |0 (RuTPU)RU\TPU\book\35706  |y 5-247-035127  |t Разрушение горных пород при бурении скважин  |o учебное пособие  |f А. И. Спивак, А. Н. Попов  |e 3-е изд., перераб. и доп.  |c М.  |n Недра  |d 1994  |p 260 с.  |a Спивак, Александр Иванович 
451 1 |0 (RuTPU)RU\TPU\book\155058  |t Разрушение горных пород при бурении скважин  |o учебник  |f А. И. Спивак, А. Н. Попов  |c М.  |n Недра  |d 1979  |p 239 с.  |s Высшее образование  |a Спивак, Александр Иванович 
610 1 |a геология 
610 1 |a горные породы 
610 1 |a бурение 
610 1 |a режимы разрушения 
610 1 |a сплошные среды 
610 1 |a механические свойства 
610 1 |a долота 
610 1 |a изнашивание 
610 1 |a вопросы буримости 
610 1 |a учебные пособия 
675 |a 622.23.02(075.8)  |v 3 
700 1 |a Спивак  |b А. И.  |g Александр Иванович 
701 1 |a Попов  |b А. Н.  |g Анатолий Николаевич 
801 0 |a RU  |b 63413507  |c 20011210  |g PSBO 
801 2 |a RU  |b 63413507  |c 20210122  |g PSBO 
900 |a Физика разрушения горных пород 
900 |a Разрушение горных пород 
942 |c BK